|
|
|
|
| LEADER |
00000nam0a2200000 4500 |
| 001 |
598667 |
| 005 |
20250917071653.0 |
| 029 |
0 |
0 |
|a RU
|b 6062-В87
|f ВИНИТИ
|
| 035 |
|
|
|a (RuTPU)RU\TPU\tpu\22382
|
| 035 |
|
|
|a RU\TPU\tpu\22367
|
| 090 |
|
|
|a 598667
|
| 100 |
|
|
|a 20121226j19870819k y0rusy50 ca
|
| 101 |
0 |
|
|a rus
|
| 102 |
|
|
|a RU
|
| 105 |
|
|
|a y z 000zy
|
| 200 |
1 |
|
|a Выделение водорода из кристаллов, стимулированное ионизирующим излучением
|f Ю. И. Тюрин [и др.]
|g Томский политехнический институт (ТПИ)
|
| 210 |
|
|
|a Томск
|d 1987
|
| 215 |
|
|
|a 19 с.
|c ил.
|
| 300 |
|
|
|a Деп. в ВИНИТИ 19.08.87, N 6062-В87
|
| 320 |
|
|
|a Библиогр.: 61 назв.
|
| 333 |
|
|
|a В фонде НТБ ТПУ отсутствует
|
| 610 |
1 |
|
|a труды учёных ТПУ
|
| 610 |
1 |
|
|a депонированные рукописи
|
| 701 |
|
1 |
|a Тюрин
|b Ю. И.
|c физик
|c профессор Томского политехнического университета, доктор физико-математических наук
|f 1950-
|g Юрий Иванович
|3 (RuTPU)RU\TPU\pers\19873
|9 7810
|
| 701 |
|
1 |
|a Чернов
|b И. П.
|c физик
|c профессор Томского политехнического университета, доктор физико-математических наук
|f 1935-2025
|g Иван Петрович
|x TPU
|y Томск
|3 (RuTPU)RU\TPU\pers\12909
|9 3694
|
| 701 |
|
1 |
|a Мамонтов
|b А. П.
|c российский физик
|c профессор Томского политехнического университета
|c Заслуженный изобретатель РФ
|f 1934-
|g Аркадий Павлович
|3 (RuTPU)RU\TPU\pers\21984
|
| 701 |
|
1 |
|a Семкина
|b Л. И.
|c физик
|c доцент Томского политехнического университета
|g Людмила Иосифовна
|3 (RuTPU)RU\TPU\pers\27961
|
| 712 |
0 |
2 |
|a Томский политехнический институт (ТПИ)
|c (1944-1991)
|3 (RuTPU)RU\TPU\col\1123
|
| 801 |
|
1 |
|a RU
|b 63413507
|c 20120220
|
| 801 |
|
2 |
|a RU
|b 63413507
|c 20121226
|g RCR
|
| 942 |
|
|
|c BK
|